Sports Quiz

Random Sports or Football Quiz

Clickable Heisman Schools Quiz Stats

 Plays Quiz not verified by Sporcle

Challenge
Share
Tweet
Embed
Score 0/39 Timer 05:00
0 Plays Today
% Correct
Notre Dame
94.3%
Ohio State
93.8%
Florida State
93.6%
Texas
93.2%
Michigan
93.2%
Alabama
93%
Florida
92.9%
USC
92.5%
Oklahoma
91.8%
Auburn
91.4%
Miami (Fla.)
90.3%
Nebraska
89.6%
Penn State
88.5%
Georgia
88.4%
Wisconsin
85.9%
Texas A&M
84.9%
LSU
84.1%
Pittsburgh
82.1%
Stanford
81.8%
Navy
81.5%
% Correct
UCLA
80.3%
Oklahoma State
79.5%
Oregon
79.5%
Army
79.4%
BYU
78.8%
Baylor
78.3%
Boston College
76.8%
Colorado
75.7%
Syracuse
72.5%
Houston
70.9%
South Carolina
67.8%
Yale
62.7%
Chicago
59.8%
TCU
58%
SMU
57.2%
Minnesota
56.2%
Iowa
53.6%
Princeton
52.7%
Oregon State
39.3%

You're not logged in!

Compare scores with friends on all Sporcle quizzes.
OR
Log In

You Might Also Like...

Show Comments

Extras

Top Quizzes Today


Score Distribution

Your Account Isn't Verified!

In order to create a playlist on Sporcle, you need to verify the email address you used during registration. Go to your Sporcle Settings to finish the process.

Report this User

Report this user for behavior that violates our Community Guidelines.

Details: